| 000 -LEADER |
| fixed length control field |
00683nam a2200205Ia 4500 |
| 001 - CONTROL NUMBER |
| control field |
3622 |
| 003 - CONTROL NUMBER IDENTIFIER |
| control field |
GE_BSU |
| 008 - FIXED-LENGTH DATA ELEMENTS--GENERAL INFORMATION |
| fixed length control field |
181216s||||||||xx |||||||||||||| ||und|| |
| 040 ## - CATALOGING SOURCE |
| Transcribing agency |
GE_BSU |
| 080 ## - UNIVERSAL DECIMAL CLASSIFICATION NUMBER |
| Universal Decimal Classification number |
811.161.1(075.4) |
| 100 ## - MAIN ENTRY--PERSONAL NAME |
| Personal name |
გოლეთიანი,გ. |
| 245 ## - TITLE STATEMENT |
| Title |
რუსული ენის თვითმასწავლებელი |
| 245 ## - TITLE STATEMENT |
| Statement of responsibility, etc. |
რედ.ვ.პეტრიაშვილი, მხატ.რედ.დ.დუნდუა. |
| 260 ## - PUBLICATION, DISTRIBUTION, ETC. |
| Place of publication, distribution, etc. |
თბ. |
| 260 ## - PUBLICATION, DISTRIBUTION, ETC. |
| Name of publisher, distributor, etc. |
გამ–ბა საბჭ. საქართველო |
| 260 ## - PUBLICATION, DISTRIBUTION, ETC. |
| Date of publication, distribution, etc. |
1964 |
| 300 ## - PHYSICAL DESCRIPTION |
| Extent |
514გვ;20სმ. |
| 653 ## - INDEX TERM--UNCONTROLLED |
| Uncontrolled term |
რუსული ენა |
| 942 ## - ADDED ENTRY ELEMENTS (KOHA) |
| Koha item type |
წიგნი |